| 000 | 00879nam a2200217Ia 4500 | ||
|---|---|---|---|
| 999 |
_c30562 _d30562 |
||
| 003 | OSt | ||
| 005 | 20211229155751.0 | ||
| 008 | 160316s2011 xxu||||| |||| 00| 0 eng d | ||
| 020 | _a9788192104102 | ||
| 040 | _c. | ||
| 082 |
_a324.630000 _bSEZ |
||
| 100 | _aSeZhiyan Era | ||
| 245 | _aParliament for the people | ||
| 260 |
_aNew Delhi _bInstitute Of Social Sciences _c2011 |
||
| 300 |
_a695p _cxxxv |
||
| 365 | _b Rs. 1,450 | ||
| 505 | _aCONTENTS Part-I Constitutional issues; Part-II Pondicherry affairs; Part-III Budgetary process; Part-IV President’s Rule; Part-V Centre-state relations; Part-VI Language Issue; Part-VII Emergency; Chapter-VIII Licence scan; Part-IX Time capsule; Part-X Foreign policy; Part-XI Miscellaneous; Part-XII Parliamentary Committees. | ||
| 650 | _a1. Parliament - Speeches | ||
| 700 |
_a _a |
||
| 942 |
_2ddc _cBK |
||